000 00289nam a2200121Ia 4500
008 240731s9999 xx 000 0 und d
022 _a2150-5608
245 0 _aVirulence
260 _bTaylor & Francis
856 _uhttps://www.tandfonline.com/loi/kvir20
942 _2ddc
942 _cTFEJ
999 _c80251
_d80251
945 _a1
_bMadushi Gamage
_c1
_dMadushi Gamage